<?xml version="1.0" encoding="UTF-8"?><?xml-stylesheet type="text/xsl" href="static/style.xsl"?><OAI-PMH xmlns="http://www.openarchives.org/OAI/2.0/" xmlns:xsi="http://www.w3.org/2001/XMLSchema-instance" xsi:schemaLocation="http://www.openarchives.org/OAI/2.0/ http://www.openarchives.org/OAI/2.0/OAI-PMH.xsd"><responseDate>2026-04-13T04:34:45Z</responseDate><request verb="GetRecord" identifier="oai:www.recercat.cat:2117/399588" metadataPrefix="marc">https://recercat.cat/oai/request</request><GetRecord><record><header><identifier>oai:recercat.cat:2117/399588</identifier><datestamp>2026-03-16T02:21:17Z</datestamp><setSpec>com_2072_1033</setSpec><setSpec>col_2072_452950</setSpec></header><metadata><record xmlns="http://www.loc.gov/MARC21/slim" xmlns:dcterms="http://purl.org/dc/terms/" xmlns:xsi="http://www.w3.org/2001/XMLSchema-instance" xmlns:doc="http://www.lyncode.com/xoai" xsi:schemaLocation="http://www.loc.gov/MARC21/slim http://www.loc.gov/standards/marcxml/schema/MARC21slim.xsd">
   <leader>00925njm 22002777a 4500</leader>
   <datafield ind2=" " ind1=" " tag="042">
      <subfield code="a">dc</subfield>
   </datafield>
   <datafield ind2=" " ind1=" " tag="720">
      <subfield code="a">Mingot Béjar, Julia</subfield>
      <subfield code="e">author</subfield>
   </datafield>
   <datafield ind2=" " ind1=" " tag="720">
      <subfield code="a">Lanzalaco, Sonia</subfield>
      <subfield code="e">author</subfield>
   </datafield>
   <datafield ind2=" " ind1=" " tag="720">
      <subfield code="a">Agueda Costafreda, Alba</subfield>
      <subfield code="e">author</subfield>
   </datafield>
   <datafield ind2=" " ind1=" " tag="720">
      <subfield code="a">Torras Costa, Juan</subfield>
      <subfield code="e">author</subfield>
   </datafield>
   <datafield ind2=" " ind1=" " tag="720">
      <subfield code="a">Armelín Diggroc, Elaine Aparecida</subfield>
      <subfield code="e">author</subfield>
   </datafield>
   <datafield ind2=" " ind1=" " tag="260">
      <subfield code="c">2024-03-25</subfield>
   </datafield>
   <datafield ind2=" " ind1=" " tag="520">
      <subfield code="a">The use of solar energy (natural) and synthetic solar absorber hydrogels (SAHs) for purification of brackish water represent a challenge. Here in, this work reports the unexpected effect achieved for water desalination when combining a small content of conducting polymer (CP), poly(3,4-ethylenedioxythiophene) (PEDOT), doped with poly(styrene sodium sulfonate) (PSS), with a well-known thermosensitive polymer, poly(N-isopropylacrylamide) (PNIPAAm). Less than 10% of CP is enough to achieve an evaporation rate of 3.45 ± 0.36 KMH, compared to the gel without the ionic polymer (1.75 ± 0.08 KMH). Furthermore, this work proves that the presence of alginate polysaccharide (ALG), which is a conventional reinforcement molecule applied to reach a stable entangled scaffold, is greatly favorable in compositions with 5 wt% of doped CP, reaching even a higher evaporation rate (4.50 ± 0.30 KMH). These results seem to be caused by a shrinkage effect named by the authors: “pudding effect.” The highly stable hydrogel double network demonstrated to have enough mechanical integrity for the hand manipulation of the gel in successive solar water evaporation cycles. Thus, the new system (with or without ALG) is a promising SAH candidate for self-portable water desalinators for domestic uses. The hydrogel preparation can be performed in one-pot reactor to customer up-scale size necessities.</subfield>
   </datafield>
   <datafield ind2=" " ind1=" " tag="520">
      <subfield code="a">This project has received funding from the Grant PID2021-125257OB-I00,by MCIN/AEI/10.13039/501100011033 and by ERDF “A way of making Eu-rope,” by the European Union and from the Agència de Gestió d’Ajuts Uni-versitaris i de Recerca-AGAUR (2021SGR00387). J. Mingot also acknowl-edges the support of AGAUR for her PhD fellowship funding (Grant n°2021 FISDU 00287). A. Àgueda is a Serra Hunter Fellow (Government ofGeneralitat de Catalunya).</subfield>
   </datafield>
   <datafield ind2=" " ind1=" " tag="520">
      <subfield code="a">Peer Reviewed</subfield>
   </datafield>
   <datafield ind2=" " ind1=" " tag="520">
      <subfield code="a">Objectius de Desenvolupament Sostenible::6 - Aigua Neta i Sanejament</subfield>
   </datafield>
   <datafield ind2=" " ind1=" " tag="520">
      <subfield code="a">Postprint (published version)</subfield>
   </datafield>
   <datafield tag="653" ind2=" " ind1=" ">
      <subfield code="a">Àrees temàtiques de la UPC::Enginyeria química</subfield>
   </datafield>
   <datafield tag="653" ind2=" " ind1=" ">
      <subfield code="a">Water -- Purification</subfield>
   </datafield>
   <datafield tag="653" ind2=" " ind1=" ">
      <subfield code="a">Solar energy</subfield>
   </datafield>
   <datafield tag="653" ind2=" " ind1=" ">
      <subfield code="a">Aigua -- Depuració</subfield>
   </datafield>
   <datafield tag="653" ind2=" " ind1=" ">
      <subfield code="a">Energia solar</subfield>
   </datafield>
   <datafield ind2="0" ind1="0" tag="245">
      <subfield code="a">The “pudding effect” to promote solar-driving water purification</subfield>
   </datafield>
</record></metadata></record></GetRecord></OAI-PMH>